Sports Quiz

Random Sports or Soccer Quiz

Click the Soccer Logos VIII Quiz Stats

 Plays Quiz Updated Feb 4, 2021

Support Sporcle.
Go Orange.
Score 0/25 Timer 06:00
25 Plays Today
% Correct
FC Schalke 04
(Germany)
92.6%
Southampton FC
(England)
84.8%
Sydney FC
(Australia)
82.9%
Sheffield United
(England)
82.6%
RCD Espanyol
(Spain)
82.3%
Sunderland A.F.C.
(England)
82.3%
São Paulo FC
(Brazil)
80.3%
VfB Stuttgart
(Germany)
79.7%
Racing Club de
Strasbourg Alsace
(France)
68.7%
U.S. Sassuolo
(Italy)
68.6%
Auckland City FC
(New Zealand)
68%
Sheriff Tiraspol
(Moldova)
63.2%
Sporting Kansas City
(United States)
59.5%
% Correct
Slovan Bratislava
(Slovakia)
59.3%
Sivasspor
(Turkey)
59.3%
Racing Club
de Avellaneda
(Argentina)
55.8%
Sparta Rotterdam
(Netherlands)
50.9%
Deportivo Saprissa
(Costa Rica)
50.9%
Cork City
(Republic of Ireland)
48.9%
C.S. Marítimo
(Portugal)
44.1%
Tacoma Defiance
(United States)
40.9%
SuperSport United
(South Africa)
40.4%
HFX Wanderers
(Canada)
40%
ATK Mohun Bagan
(India)
39.8%
Yokohama F. Marinos
(Japan)
35.8%

You're not logged in!

Compare scores with friends on all Sporcle quizzes.
OR
Log In

From the Vault

Such Variety!

by Purple_Parrot

Variety really is the spice of life.
Remove Ads.
Support Sporcle.
Get the best of Sporcle when you Go Orange. This ad-free experience offers more features, more stats, and more fun while also helping to support Sporcle. Thank you for becoming a member.

Show Comments

Extras

Top Quizzes Today


Score Distribution

Your Account Isn't Verified!

In order to create a playlist on Sporcle, you need to verify the email address you used during registration. Go to your Sporcle Settings to finish the process.

Report this User

Report this user for behavior that violates our Community Guidelines.

Details: